• 首页
  • 本馆介绍
  • 公告通知
  • 最新文献
  • 馆藏检索
  • 电子资源
  • 读者导购
  • 参考咨询
  • 我的图书馆
  • 登录
  • 详细信息显示
  • 放入我的书架
  • 预约/预借图书
  • 作者相关作品
  • 分类相关作品
  • 丛书相关作品
  • 出版社相关作品

书目信息

  • 表格格式
  • 工作单格式
  • 卡片格式
题名:
电影
    
 
作者: 吴冠平
分册:  
出版信息: 南海   南海出版公司  2003
页数: 536
开本: 19cm
丛书名:
单 册:
中图分类: J951
科图分类:
主题词: 电视影片--按内容分的 , 电影影版--按内容分的 , 影片--按内容分的
电子资源:
ISBN: 7-5442-2578-X
000 00638nam0 2200217 450
001 0739037328
005 20070817105037.32
010    @a7-5442-2578-X@b精装@d¥48.00
100    @a20070817d km y0chiy0120 ea
101 0  @achi
200 1  @a电影@Adian ying@e艺术电影速查手册@f吴冠平@Fwu guan ping
210    @a南海@c南海出版公司@d2003
215    @a536@d19cm
517 1  @a艺术电影速查手册@Ayi shu dian ying su cha shou ce
606 0  @a电视影片@x按内容分的
606 0  @a电影影版@x按内容分的
606 0  @a影片@x按内容分的
690    @aJ951@v3
701  0 @a吴冠平@Awu guan ping
801  0 @aCN@bPFT@c20070817
905    @a213230@dJ951@eM41
    
    电影:艺术电影速查手册/吴冠平.-南海:南海出版公司,2003
    536;19cm
    
    
    ISBN 7-5442-2578-X(精装):¥48.00
    
●
相关链接 在E读中查询图书 在五车中查询图书 在当当中查询图书 在豆瓣中查询图书


正题名:电影     索取号:J951/M41         预约/预借

序号 登录号 条形码 馆藏地/架位号 状态 备注
1 6400658   264006587   密集书库-美术系/ [索取号:J951/M41] 在馆    
唐山师范学院图书馆 欢迎您!
大连网信软件有限公司© 版权所有